000 00732nam a22001697a 4500
999 _c58000
_d58000
005 20210420123704.0
008 210420c2021 ge ||||| |||| 00| 0 geo d
041 _ageo
245 _aარჩევნები და დემოკრატია :
_b2021 : საარჩევნო ჟურნალი /
_cრედ. პარმენ ჯალაღონია.
260 _aთბილისი,
_c2021
300 _av.
653 _aაჭარის უმაღლესი საარჩევნო
653 _a არჩევნები
653 _aდემოკრატია
700 _aჯალაღონია, პარმენ
_eრედაქტორი
_911450
942 _2udc
_cBK